000
00236nam a2200097Ia 4500
008
120527s9999 xx 000 0 und d
100
_a
Naber,G.
245
_a
An Agricultural Library:its start and managemt
260
_b
ILRI
942
_c
BK
999
_c
21197
_d
21197